<?xml version="1.0" encoding="UTF-8"?>
<record
    xmlns:xsi="http://www.w3.org/2001/XMLSchema-instance"
    xsi:schemaLocation="http://www.loc.gov/MARC21/slim http://www.loc.gov/standards/marcxml/schema/MARC21slim.xsd"
    xmlns="http://www.loc.gov/MARC21/slim">

  <leader>01115nam2a22002531  4500</leader>
  <controlfield tag="001">RU\NLR\INFOCOMM18\1000225615</controlfield>
  <controlfield tag="005">20250617014334.0</controlfield>
  <datafield tag="035" ind1=" " ind2=" ">
    <subfield code="a">(NLR Aleph) 002352962</subfield>
  </datafield>
  <datafield tag="090" ind1=" " ind2=" ">
    <subfield code="a">4518298</subfield>
    <subfield code="c">4518298</subfield>
  </datafield>
  <datafield tag="100" ind1=" " ind2=" ">
    <subfield code="a">20041118d1967    |||y0rusy50      ca</subfield>
  </datafield>
  <datafield tag="101" ind1="0" ind2=" ">
    <subfield code="a">rus</subfield>
  </datafield>
  <datafield tag="102" ind1=" " ind2=" ">
    <subfield code="a">RU</subfield>
  </datafield>
  <datafield tag="105" ind1=" " ind2=" ">
    <subfield code="a">y   |||||||||</subfield>
  </datafield>
  <datafield tag="200" ind1="1" ind2=" ">
    <subfield code="a">&#x41D;&#x43E;&#x432;&#x44B;&#x435; &#x43C;&#x43E;&#x434;&#x435;&#x43B;&#x438; &#x43F;&#x440;&#x438;&#x447;&#x435;&#x441;&#x43E;&#x43A;</subfield>
    <subfield code="f">&#x41D;.&#x41F;. &#x412;&#x43E;&#x440;&#x43E;&#x431;&#x44C;&#x435;&#x432;&#x430;</subfield>
  </datafield>
  <datafield tag="210" ind1=" " ind2=" ">
    <subfield code="d">1967</subfield>
    <subfield code="a">&#x411;. &#x43C;.</subfield>
  </datafield>
  <datafield tag="461" ind1=" " ind2="0">
    <subfield code="1">001RU\NLR\INFOCOMM18\1000225611</subfield>
    <subfield code="1">2001#$a&#x421;&#x43E;&#x432;&#x440;&#x435;&#x43C;&#x435;&#x43D;&#x43D;&#x44B;&#x435; &#x43F;&#x440;&#x438;&#x447;&#x435;&#x441;&#x43A;&#x438;$e&#x420;&#x435;&#x444;. &#x43E;&#x431;&#x437;&#x43E;&#x440;$f&#x420;&#x43E;&#x441;. &#x433;&#x43E;&#x441;. &#x441;&#x43E;&#x44E;&#x437; &#x43E;&#x431;-&#x43D;&#x438;&#x439;, &#x43F;&#x440;&#x435;&#x434;&#x43F;&#x440;&#x438;&#x44F;&#x442;&#x438;&#x439; &#x438; &#x43E;&#x440;&#x433;. &#x431;&#x44B;&#x442;. &#x43E;&#x431;&#x441;&#x43B;&#x443;&#x436;. &#x43D;&#x430;&#x441;&#x435;&#x43B;&#x435;&#x43D;&#x438;&#x44F;, &#x426;&#x411;&#x41D;&#x422;&#x418;$v1967, &#x2116;2</subfield>
    <subfield code="9">4518289</subfield>
    <subfield code="c">&#x41C;.</subfield>
    <subfield code="d">1966-</subfield>
    <subfield code="f">&#x420;&#x43E;&#x441;. &#x433;&#x43E;&#x441;. &#x441;&#x43E;&#x44E;&#x437; &#x43E;&#x431;-&#x43D;&#x438;&#x439;, &#x43F;&#x440;&#x435;&#x434;&#x43F;&#x440;&#x438;&#x44F;&#x442;&#x438;&#x439; &#x438; &#x43E;&#x440;&#x433;. &#x431;&#x44B;&#x442;. &#x43E;&#x431;&#x441;&#x43B;&#x443;&#x436;. &#x43D;&#x430;&#x441;&#x435;&#x43B;&#x435;&#x43D;&#x438;&#x44F;, &#x426;&#x411;&#x41D;&#x422;&#x418;</subfield>
    <subfield code="o">&#x420;&#x435;&#x444;. &#x43E;&#x431;&#x437;&#x43E;&#x440;</subfield>
    <subfield code="t">&#x421;&#x43E;&#x432;&#x440;&#x435;&#x43C;&#x435;&#x43D;&#x43D;&#x44B;&#x435; &#x43F;&#x440;&#x438;&#x447;&#x435;&#x441;&#x43A;&#x438;</subfield>
    <subfield code="v">1967, &#x2116;2</subfield>
  </datafield>
  <datafield tag="700" ind1=" " ind2="1">
    <subfield code="a">&#x412;&#x43E;&#x440;&#x43E;&#x431;&#x44C;&#x435;&#x432;&#x430;</subfield>
    <subfield code="b">&#x41D;.&#x41F;.</subfield>
    <subfield code="4">070</subfield>
  </datafield>
  <datafield tag="801" ind1=" " ind2="1">
    <subfield code="a">RU</subfield>
    <subfield code="b">InfoComm</subfield>
    <subfield code="c">20041118</subfield>
  </datafield>
  <datafield tag="801" ind1=" " ind2="0">
    <subfield code="a">RU</subfield>
    <subfield code="b">NLR</subfield>
    <subfield code="g">PSBO</subfield>
  </datafield>
  <datafield tag="852" ind1=" " ind2=" ">
    <subfield code="a">NLR</subfield>
    <subfield code="j">&#x41F;10/3289</subfield>
  </datafield>
  <datafield tag="942" ind1=" " ind2=" ">
    <subfield code="c">ISSUE</subfield>
  </datafield>
  <datafield tag="980" ind1=" " ind2=" ">
    <subfield code="a">NB</subfield>
  </datafield>
  <datafield tag="980" ind1=" " ind2=" ">
    <subfield code="a">RUSPER</subfield>
  </datafield>
</record>
